00284 2200121 4500245005700000250001100057100001800068650001600086005001900102260001800121041001400139336000900153 aLAPORAN KARYA SISWAb : KOMODOcAQILA AZKA R.hText aCet. 1 aAQILA AZKA R. aKarya Siswa a20240829131719 aJakartac2024 aIndonesia atext